00197 a2200109 4500001000700000020000600007040001100013100002500024240001700049245001200066362000900078177179 a  cMagnum aLima, Maria Luisa A.10aPirataslpor10aPiratas0 a1899